Complex analysis.

Guardat en:
Dades bibliogràfiques
Autor principal: Buckholtz, J. D
Altres autors: Suffridge, T. J
Format: Llibre
Idioma:anglès
Publicat: Berlín, Alemania Springer 1977
Col·lecció:Lecture Notes in Mathematics. 599
Matèries:
Etiquetes: Afegir etiqueta
Sense etiquetes, Sigues el primer a etiquetar aquest registre!

MARC

LEADER 00000nam a2200000 a 4500
001 UCP3417
003 CL-VaPUC
005 20250221122528.0
008 990618e19770000gw 1 eng d
999 |c 383448  |d 383446 
040 |c Pontificia Universidad Católica de Valparaíso 
082 0 4 |a 515.9 BUC 1977  |2 21 
100 1 |a Buckholtz, J. D  |9 619538 
245 1 0 |a Complex analysis. 
260 0 3 |a Berlín, Alemania  |b Springer  |c 1977 
300 |a 159 páginas 
490 0 |a Lecture Notes in Mathematics.  |v 599 
518 |p Complex Analysis, 1, Kentucky , 18 al 22 de mayo de 1976 
546 |a En Inglés 
583 |a last modification  |c 20190821 11:11:06  |k Rodrigo Vera 
650 0 0 |a Análisis complejo   |9 260214 
650 0 0 |a Funciones de variables complejas  |9 260212 
650 0 0 |a Congresos  |9 257560 
700 1 |a Suffridge, T. J  |9 619539 
942 |c BK  |2 ddc 
945 |a crobeson  |d 19990618 00:00:00